[Event "Senta op 20th"]
[Site "Senta"]
[Date "2016.07.27"]
[Round "7"]
[White "Tomin, Kristifor"]
[Black "Farkas, Sandor I"]
[Result "0-1"]
[WhiteElo "1857"]
[BlackElo "1957"]
[PlyCount "96"]
[EventDate "2016.07.22"]
[EventType "swiss"]
[EventRounds "9"]
[EventCountry "SRB"]
[SourceTitle "EXT 2017"]
[Source "ChessBase"]
[SourceDate "2016.10.25"]
[SourceVersion "1"]
[SourceVersionDate "2016.10.25"]
[SourceQuality "1"]

1. Nf3 Nf6 2. d4 g6 3. Nbd2 Bg7 4. e4 d6 5. h3 0-0 6. Bd3 c5 7. c3 Nc6 8. d5 Ne5 9. Be2 a6 10. a4 Rb8 11. a5 Nfd7 12. Nxe5 Nxe5 13. 0-0 b5 14. axb6 Qxb6 15. Qa4 Ra8 16. Qa5 Qxa5 17. Rxa5 f5 18. f4 Nd7 19. exf5 Rxf5 20. Bg4 Rf8 21. Be6+ Kh8 22. Nc4 Ra7 23. Bd2 Nf6 24. Rfa1 Bb7 25. Nb6 h5 26. R1a4 Rb8 27. Bc1 Kh7 28. g4 hxg4 29. hxg4 Bc6 30. dxc6 Rxb6 31. c7 Rxc7 32. Rxa6 Rxa6 33. Rxa6 Nd7 34. g5 Nf8 35. Bg4 Rb7 36. f5 Bxc3 37. Bf3 Bd4+ 38. Kh1 Rb3 39. Bd1 Rg3 40. Ra7 Rg1+ 41. Kh2 Rxd1 42. Rxe7+ Kg8 43. Bf4 gxf5 44. Bxd6 Bg1+ 45. Kg2 Rxd6 46. Kxg1 Rd1+ 47. Kf2 Rd2+ 48. Ke3 Rxb2 0-1

[Event "Senta op-B 17th"]
[Site "Senta"]
[Date "2013.07.17"]
[Round "6"]
[White "Tomin, Kristifor"]
[Black "Milanovic, Maja"]
[Result "0-1"]
[WhiteElo "1960"]
[BlackElo "1969"]
[PlyCount "104"]
[EventDate "2013.07.13"]
[EventType "swiss"]
[EventRounds "9"]
[EventCountry "SRB"]
[SourceTitle "EXT 2014"]
[Source "ChessBase"]
[SourceDate "2013.11.20"]
[SourceVersion "1"]
[SourceVersionDate "2013.11.20"]
[SourceQuality "1"]

1. Nf3 Nf6 2. d4 c5 3. e3 e6 4. c3 d5 5. Nbd2 Nc6 6. Bb5 Bd7 7. Ba4 Qc7 8. 0-0 Bd6 9. Bc2 Rc8 10. h3 cxd4 11. exd4 0-0 12. Re1 Rfe8 13. Nf1 h6 14. a3 b5 15. b4 a5 16. Bd3 Qb8 17. Bd2 e5 18. dxe5 Nxe5 19. Nxe5 Bxe5 20. Rc1 axb4 21. axb4 Qd6 22. Qb3 Bf4 23. Red1 Qe5 24. Re1 Qg5 25. Bxf4 Qxf4 26. Ng3 Qd2 27. Red1 Qg5 28. Ra1 h5 29. Qc2 g6 30. Kh1 d4 31. c4 bxc4 32. Bxc4 h4 33. Nf1 Bc6 34. f3 Qf4 35. Qb3 Nh5 36. Ra7 Rc7 37. Rxc7 Qxc7 38. b5 Bb7 39. b6 Qf4 40. Bd5 Bxd5 41. Qxd5 Ng3+ 42. Nxg3 hxg3 43. Qb5 Qe3 44. Qf1 Qb3 45. Rb1 Qc2 46. b7 Rb8 47. Rc1 Qf2 48. Qb5 Qe3 49. Qb1 Rxb7 50. Rc8+ Kg7 51. Qd1 Re7 52. Rc1 d3 0-1

[Event "Senta op"]
[Site "Senta"]
[Date "2007.01.21"]
[Round "3"]
[White "Varadi, Laszlo"]
[Black "Tomin, Kristifor"]
[Result "1-0"]
[WhiteElo "2216"]
[BlackElo "2026"]
[PlyCount "33"]
[EventDate "2007.01.19"]
[EventType "swiss"]
[EventRounds "9"]
[EventCountry "SRB"]
[SourceTitle "EXT 2022"]
[Source "ChessBase"]
[SourceDate "2021.10.06"]
[SourceVersion "1"]
[SourceVersionDate "2021.10.06"]
[SourceQuality "1"]

1. e4 c5 2. c3 e5 3. Nf3 Qc7 4. d4 cxd4 5. cxd4 exd4 6. Nxd4 a6 7. Nc3 Bb4 8. Bd2 Nf6 9. Bd3 h5 10. Rc1 Qd8 11. e5 Qe7 12. 0-0 Ng4 13. Nd5 Qd8 14. Nc7+ Kf8 15. Bxb4+ Kg8 16. Nd5 g6 17. Rxc8 1-0